| 000 | 00936cam a22002894a 4500 | ||
|---|---|---|---|
| 001 | 13948 | ||
| 003 | BD-RjUL | ||
| 005 | 20211208235537.0 | ||
| 008 | 140203r20051995orua 001 0 eng | ||
| 020 | _a0881926825 (pbk.) | ||
| 035 | _a(BD-RjUL)14000 | ||
| 040 |
_aDLC _cDLC _dDLC _dBD-RjUL _beng |
||
| 041 | _aeng | ||
| 082 | 0 | 0 |
_a631.521 _222 _bLOS 2005 |
| 100 | 1 |
_aLoewer, H. Peter. _943603 |
|
| 245 | 1 | 0 |
_aSeeds : _bthe definitive guide to growing, history, and lore / _cPeter Loewer. |
| 260 |
_aPortland, OR : _bTimber Press, _cc1995 [Pub. 2005]. |
||
| 300 |
_ax, 229 p. : _bill. ; _c24 cm. |
||
| 504 | _aIncludes index. | ||
| 650 | 0 |
_aSeeds. _938822 |
|
| 650 | 0 |
_aSeed technology. _943604 |
|
| 650 | 0 |
_aSeed industry and trade. _943605 |
|
| 650 | 0 |
_aPlant propagation. _943606 |
|
| 856 | 4 | 2 |
_3Publisher description _uhttp://www.loc.gov/catdir/enhancements/fy0713/2004051657-d.html |
| 942 |
_2ddc _cBK |
||
| 999 |
_c13948 _d13948 |
||